000 00716nas a2200241 4500
001 BR0700911
003 BR-BrBNA
005 20231205110612.0
007 ta
008 230509b bl.|||p| |||| 00| 00por d
040 _aBR-BrBNA
_bpor
_cBiblioteca Nacional de Agricultura
041 _a(Pt)
072 _aL73
100 1 _aRech, R.R.
100 1 _aGraça, D.L.
245 1 _aMastócitos em condições normais e patológicas - revisão
650 _aZOONOSE
650 _aINFLAMAÇÃO
773 0 _tVeterinária Notícias (Brazil)
_xISSN 0104-3463
_g(Jan-Jul 2006), v. 12(1) p. 51-60
_wBR0700911
856 4 0 _dLink DSPACE/MAPA BR0700911
909 _a202311
_bLúcia
_c55
_dLúcia Elande
942 _2AGRIS
_n0
_cANA
999 _c188134
_d188134